000 00641nam a2200277Ia 4500
005 20260324135252.0
008 008 260324s9999 xx 000 0 eng d
020 _a9781315040363
037 _aEBOOK
040 _aCRL
040 _beng
040 _cCRL
041 _2eng
041 _aeng
084 _qCRL
100 _aAlan Millington
_91199969
245 3 _aAn Introduction to Property Valuation
260 _bTaylor and Francis
260 _c2000
365 _a
365 _b420
856 _uhttp://www.taylorfrancis.com/books/9781315040363
942 _cEBOOK
999 _c1800857
_d1800857